[Event "EU-ch (Women) 6th"]
[Site "Kishinev"]
[Date "2005.06.23"]
[Round "12"]
[White "Khudaverdieva, Afag"]
[Black "Cicariova, Elena"]
[Result "1-0"]
[WhiteElo "2187"]
[BlackElo "2081"]
[PlyCount "145"]
[EventDate "2005.06.11"]
[EventType "swiss"]
[EventRounds "12"]
[EventCountry "MDA"]
[SourceTitle "CBM 106 Extra"]
[Source "ChessBase"]
[SourceDate "2005.07.01"]
[SourceVersion "1"]
[SourceVersionDate "2005.07.01"]
[SourceQuality "1"]

1. d4 Nf6 2. c4 g6 3. Nc3 Bg7 4. e4 d6 5. Nf3 0-0 6. Be2 e5 7. Be3 Nc6 8. d5 Ne7 9. Nd2 c5 10. a3 Ne8 11. b4 b6 12. Rb1 f5 13. f3 Nf6 14. a4 Nh5 15. 0-0 f4 16. Bf2 g5 17. a5 Nf6 18. Na4 h5 19. axb6 axb6 20. bxc5 bxc5 21. Nb6 Rb8 22. Nxc8 Qxc8 23. Qa4 Ra8 24. Qb3 Rb8 25. Qa4 Ra8 26. Qc2 g4 27. Rb6 Qc7 28. Rfb1 Rfb8 29. Qb2 Rxb6 30. Qxb6 Qxb6 31. Rxb6 Ra2 32. Be1 Ne8 33. fxg4 Bh6 34. g5 Bxg5 35. Bxh5 Nf6 36. Bf3 Ra1 37. Rb1 Ra4 38. Kf1 Kf7 39. Rb6 Nc8 40. Rb7+ Ne7 41. Rb6 Nc8 42. Rc6 Ra8 43. Ke2 Ke8 44. Rc7 Ne7 45. Rb7 Kd8 46. Nb3 Nfg8 47. Na5 Nf6 48. Kd3 Rc8 49. Kc2 Rc7 50. Rb6 Nc8 51. Rb5 Na7 52. Rb3 Kc8 53. Rb6 Kd7 54. Kb3 Nc8 55. Rc6 Ra7 56. Ka4 Ra8 57. h4 Bh6 58. Bf2 Ng8 59. Bg4+ Kd8 60. Bxc8 Rxc8 61. Nb7+ Kd7 62. Rxc8 Kxc8 63. Nxd6+ Kd7 64. Nf7 Bg7 65. Bxc5 Ke8 66. Ng5 Nf6 67. Bg1 Bh6 68. Nf3 Nxe4 69. Nxe5 Ke7 70. Bh2 Nd2 71. d6+ Kxd6 72. Nf7+ Ke6 73. Nxh6 1-0

[Event "EU-ch (Women) 6th"]
[Site "Kishinev"]
[Date "2005.06.22"]
[Round "11"]
[White "Cicariova, Elena"]
[Black "Foisor, Sabina Francesca"]
[Result "0-1"]
[WhiteElo "2081"]
[BlackElo "2210"]
[PlyCount "82"]
[EventDate "2005.06.11"]
[EventType "swiss"]
[EventRounds "12"]
[EventCountry "MDA"]
[SourceTitle "CBM 106 Extra"]
[Source "ChessBase"]
[SourceDate "2005.07.01"]
[SourceVersion "1"]
[SourceVersionDate "2005.07.01"]
[SourceQuality "1"]

1. c4 c5 2. Nc3 g6 3. Nf3 Bg7 4. d4 cxd4 5. Nxd4 Nc6 6. Nc2 Bxc3+ 7. bxc3 Qa5 8. Bd2 Nf6 9. f3 d6 10. e4 Be6 11. Ne3 Rc8 12. Nd5 Ne5 13. Qb3 b6 14. Nxf6+ exf6 15. Qb5+ Ke7 16. Qxa5 bxa5 17. Rb1 Rc7 18. Rb5 Bxc4 19. Rxa5 Rb8 20. Ra4 Rb1+ 21. Kf2 Rb2 22. Ke1 Bxa2 23. Rb4 Bb3 24. f4 Ng4 25. Bd3 a5 26. Rb6 a4 27. Rf1 Nxh2 28. Rh1 Ng4 29. Rxh7 Nf2 30. Kxf2 Rxd2+ 31. Ke3 Rxg2 32. Rh8 Be6 33. Bb5 Bd7 34. Bxd7 Kxd7 35. Rh7 Ke6 36. Kd4 Rd2+ 37. Ke3 Rc2 38. f5+ gxf5 39. exf5+ Ke5 40. Rb5+ d5 41. Rh4 R7xc3# 0-1

[Event "EU-ch (Women) 6th"]
[Site "Kishinev"]
[Date "2005.06.20"]
[Round "9"]
[White "Coimbra, Margarida Goncalves"]
[Black "Cicariova, Elena"]
[Result "0-1"]
[WhiteElo "2098"]
[BlackElo "2081"]
[PlyCount "88"]
[EventDate "2005.06.11"]
[EventType "swiss"]
[EventRounds "12"]
[EventCountry "MDA"]
[SourceTitle "CBM 106 Extra"]
[Source "ChessBase"]
[SourceDate "2005.07.01"]
[SourceVersion "1"]
[SourceVersionDate "2005.07.01"]
[SourceQuality "1"]

1. e4 c5 2. Nc3 Nc6 3. g3 g6 4. Bg2 Bg7 5. d3 d6 6. Nh3 Rb8 7. 0-0 e6 8. Be3 b5 9. Qd2 b4 10. Nd1 Nf6 11. Bh6 0-0 12. Bxg7 Kxg7 13. f4 Qc7 14. Ne3 a5 15. f5 exf5 16. Nxf5+ Bxf5 17. exf5 Nd4 18. fxg6 hxg6 19. Nf4 Rh8 20. Nd5 Nxd5 21. Bxd5 Rbf8 22. c3 Nc6 23. Qg5 f6 24. Qd2 Ne7 25. Bf3 Nf5 26. Rae1 Re8 27. Rxe8 Rxe8 28. Re1 Qd8 29. Re2 Re5 30. Qe1 Qe7 31. Rxe5 dxe5 32. Qe4 a4 33. a3 bxa3 34. bxa3 c4 35. Qxc4 Qxa3 36. Qe4 Qc1+ 37. Kf2 Qb2+ 38. Be2 Qb6+ 39. Ke1 a3 40. Qa4 Qb1+ 41. Bd1 a2 42. Qa7+ Kh6 43. Qa8 Kh7 44. Qa7+ Ng7 0-1

[Event "EU-ch (Women) 6th"]
[Site "Kishinev"]
[Date "2005.06.16"]
[Round "6"]
[White "Cicariova, Elena"]
[Black "Burtasova, Anna"]
[Result "0-1"]
[WhiteElo "2081"]
[BlackElo "2223"]
[PlyCount "112"]
[EventDate "2005.06.11"]
[EventType "swiss"]
[EventRounds "12"]
[EventCountry "MDA"]
[SourceTitle "CBM 106 Extra"]
[Source "ChessBase"]
[SourceDate "2005.07.01"]
[SourceVersion "1"]
[SourceVersionDate "2005.07.01"]
[SourceQuality "1"]

1. c4 e6 2. e4 c5 3. Nc3 d6 4. Nf3 e5 5. Be2 g6 6. 0-0 Ne7 7. Rb1 Nbc6 8. a3 Bg7 9. b4 b6 10. Ne1 0-0 11. Nc2 Nd4 12. Ne3 f5 13. f3 Bh6 14. Ned5 Be6 15. Bb2 Qd7 16. Bd3 Bxd5 17. exd5 Kh8 18. Bc1 Ng8 19. bxc5 bxc5 20. Nb5 Nf6 21. Bc2 Nxb5 22. Rxb5 Nxd5 23. Ba4 Nf4 24. Rxc5 Qe7 25. Rb5 Nd3 26. Qc2 a6 27. Qxd3 axb5 28. Bxb5 Qa7+ 29. Kh1 Bg7 30. Qxd6 Rfd8 31. Qb4 Bf8 32. Qc3 Qd4 33. Qb3 Qd3 34. Qxd3 Rxd3 35. a4 Bc5 36. Re1 Bd4 37. c5 Rb3 38. c6 Rb1 39. Rf1 Rc8 40. g3 Ra1 41. Kg2 Kg7 42. d3 h6 43. f4 Ra2+ 44. Kf3 Rxh2 45. fxe5 Bxe5 46. Re1 Kf6 47. Bf4 Bxf4 48. gxf4 g5 49. d4 g4+ 50. Kg3 Rd2 51. Rc1 h5 52. Kh4 Rc7 53. a5 Rh2+ 54. Kg3 Rb2 55. Bf1 h4+ 56. Kxh4 Rb3 0-1

[Event "Kharkov op"]
[Site "Kharkov"]
[Date "2004.07.10"]
[Round "3"]
[White "Zhornik, Nikolay"]
[Black "Cicariova, Elena"]
[Result "1-0"]
[WhiteElo "2280"]
[BlackElo "2085"]
[PlyCount "59"]
[EventDate "2004.07.08"]
[EventType "swiss"]
[EventRounds "9"]
[EventCountry "UKR"]
[SourceTitle "CBM 101 Extra"]
[Source "ChessBase"]
[SourceDate "2004.09.01"]
[SourceVersion "2"]
[SourceVersionDate "2004.09.01"]
[SourceQuality "1"]

1. e4 c5 2. Nf3 d6 3. d4 cxd4 4. Nxd4 Nf6 5. Nc3 a6 6. Be3 e5 7. Nb3 Be6 8. f3 b5 9. Qd2 Nbd7 10. g4 h6 11. 0-0-0 Nb6 12. Qf2 Nfd7 13. Kb1 Nc4 14. Bc1 Rb8 15. Nd5 a5 16. Nd2 Bxd5 17. exd5 Qc7 18. Ne4 a4 19. h4 a3 20. b3 Nb2 21. Re1 Be7 22. f4 exf4 23. Nxd6+ Qxd6 24. Bxf4 Qb4 25. d6 Nd1 26. Rxe7+ Kd8 27. Rxd7+ Kxd7 28. Qa7+ Ke6 29. Qe7+ Kd5 30. Bg2+ 1-0